000
00315nam a2200133Ia 4500
005
20260328104325.0
008
260328s9999||||xx |||||||||||||| ||und||
100
_a
Zukowsky, John
245
0
_a
Building Chicago /
_c
John Zukowsky
260
_b
Rizzoli
300
_a
305 p.
650
_a
ESTADOS UNIDOS
942
_c
BK
999
_c
11483
_d
11483